000 01995cab a22003135a 4500
001 L143095
008 080408e20080405xxk f 000 0 eng d
035 _a(Sirsi) u143095
041 0 _aeng
100 1 _aPenfold, Blake
245 0 0 _aJust another money-making enterprise
260 _c2008
490 _aEstates Gazette
_v(0813) 5 April 2008, 143(1)
520 _aExamines changes to empty rates liabilities which were enforced on 1 April 2008. These reduce the period of some industrial exemptions, including manufacturing, storage, processing and electricity generation, from an indefinite period to six months. Property owned by companies in administration is to be exempted where the business itself is not in occupation. Covers the Regulations and sections of the Rating (Empty Properties) Act 2007 which are now in force. These largely revise matters of collection and enforcement. They are intended to increase the incentive to reuse or redevelop unused properties.
590 _aKA
650 2 4 _aRATING (EMPTY PROPERTIES) ACT 2007
650 2 4 _aNON-DOMESTIC RATING (UNOCCUPIED PROPERTY) (ENGLAND) REGULATIONS 2008
650 2 4 _aCOUNCIL TAX AND NON-DOMESTIC RATING (DEMAND NOTICES) (ENGLAND) (AMENDMENT) REGULATIONS 2008
650 2 4 _aLOCAL GOVERNMENT (NON-DOMESTIC RATING) (CONSEQUENTIAL AMENDMENTS) (ENGLAND) ORDER 2008
650 2 4 _aNON-DOMESTIC RATING (COLLECTION AND ENFORCEMENT) (LOCAL LISTS) REGULATIONS 1989
650 2 4 _aNON-DOMESTIC RATING (COLLECTION AND ENFORCEMENT) (MISCELLANEOUS PROVISIONS) REGULATIONS 1990
650 2 4 _aNON-DOMESTIC RATING (CHARGABLE AMOUNTS) (ENGLAND) REGULATIONS 2004
650 2 4 _aNON-DOMESTIC RATING (DEMAND NOTICES) (WALES) (AMENDMENT) REGULATIONS 2008
650 2 4 _aCOUNCIL TAX AND NON-DOMESTIC RATING (DEMAND NOTICES) (ENGLAND) REGULATIONS 2003
650 2 4 _aINSOLVENCY ACT 1986
651 4 _aEngland and Wales
_y1543-
690 _aPROPERTY-COMMERCIAL PROPERTY-COMMERCIAL PROPERTY TAXATION-BUSINESS RATES
942 _n0
999 _c80058
_d80058